La Sociedad civil, globalización y regionalización: reflexiones a partir del movimiento sindical /
Rescata el concepto de sociedad civil desde una matriz gramsciana, considerando que los cambios globales en curso han modificado decisivamente el supuesto político-territorial en que se asentaba tradicionalmente la categoría. Se argumenta que en tanto la globalización y eventualmente los procesos de...
Kaydedildi:
| Yazar: | |
|---|---|
| Materyal Türü: | Metin |
| Konular: | |
| Etiketler: |
Etiketle
Etiket eklenmemiş, İlk siz ekleyin!
|
MARC
| LEADER | 00000 a a2200000 04500 | ||
|---|---|---|---|
| 001 | 10633 | ||
| 003 | |||
| 040 | |||
| 100 | |a Falero, Alfredo | ||
| 245 | |a La Sociedad civil, globalización y regionalización: |b reflexiones a partir del movimiento sindical / |c Alfredo Falero | ||
| 520 | |a Rescata el concepto de sociedad civil desde una matriz gramsciana, considerando que los cambios globales en curso han modificado decisivamente el supuesto político-territorial en que se asentaba tradicionalmente la categoría. Se argumenta que en tanto la globalización y eventualmente los procesos de regionalización abren otros cuadros mentales de referencia, también cambia la perspectiva de constitución de sujetos sociales. Puede hablarse entonces de sociedad civil global o sociedad civil regional para designar un conjunto de prácticas cuyo referente no es más el Estado-nación. Entre tales prácticas, se focaliza especialmente sobre las del movimiento sindical, donde se observan limitaciones pero también potencialidades para cumplir todavía hoy un papel importante. REV/LCL | ||
| 650 | |a SOCIEDAD CIVIL | ||
| 650 | |a SINDICALISMO | ||
| 650 | |a GLOBALIZACION | ||
| 650 | |a INTEGRACION REGIONAL | ||
| 773 | |g número 171; páginas 88-100 | ||
| 999 | |c 25278 |d 25278 | ||
